| 000 | 00000nam##2200000za#4500 |
| 001 | 9.647729 |
| 003 | CaOODSP |
| 005 | 20240703102705 |
| 007 | ta |
| 008 | 150407|2000||||xxc||||| f|0| 0 eng|d |
| 020 | |a0-662-28939-0 |
| 040 | |aCaOODSP|beng |
| 043 | |an-cn--- |
| 086 | 1 |aA62-53/2000E |
| 110 | 2 |aCanadian Food Inspection Agency. |
| 245 | 10|aCanadian microbiological baseline survey of chicken broiler and young turkey carcasses, June 1997-May 1998 |
| 260 | |aOttawa - Ontario : |bCanadian Food Inspection Agency |c2000. |
| 300 | |aviii, 23p. : |bgraphs, references, tables ; |c28 cm. |
| 563 | |aSoftcover |
| 590 | |a00-23|b2000-06-09 |
| 690 | 07|aMicrobiology|2gcpds |
| 690 | 07|aPoultry|2gcpds |
| 690 | 07|aLaw|2gcpds |
| 690 | 07|aSocial development|2gcpds |
| 775 | 08|tEnquête canadienne sur l'état microbiologique des carcasses de poulet à griller et de jeunes dindons, juin 1997 - mai 1998 |w(CaOODSP)9.681116 |
| 776 | 0#|tCanadian microbiological baseline survey of chicken broiler and young turkey carcasses, June 1997-May 1998 |w(CaOODSP)9.693533 |